LEADER 01207cam0-22003851i-450- 001 990006087280403321 005 20051109140113.0 010 $a88-204-2502-5 035 $a000608728 035 $aFED01000608728 035 $a(Aleph)000608728FED01 035 $a000608728 100 $a20000112d1988----km-y0itay50------ba 101 0 $aita 102 $aIT 105 $ay-------001yy 200 1 $aPolitiche del personale e valorizzazione femminile$fdi L. Frey, R. Livraghi, T. Treu$gcon contributi di discenti dei corsi di formazione di consiglieri di parita della Regione Lombardia 210 $aMilano$cF. Angeli$d1988 215 $a185 p.$d22 cm 225 1 $aQuaderni di economia del lavoro$v30 676 $a331.4$v20$zita 676 $a18240 702 1$aFrey,$bLuigi$f<1934- > 702 1$aLivraghi,$bRenata 702 1$aTreu,$bTiziano$f<1939- > 801 0$aIT$bUNINA$gRICA$2UNIMARC 901 $aBK 912 $a990006087280403321 952 $aVII F 277 (30)$b6434*$fFGBC 952 $aEco-1.Q$b6923/f$fSES 952 $aXV C 223 (30)$b6434*$fFGBC 959 $aFGBC 959 $aSES 996 $aPolitiche del personale e valorizzazione femminile$9576765 997 $aUNINA LEADER 01158nam--2200361---450- 001 990000357180203316 035 $a0035718 035 $aUSA010035718 035 $a(ALEPH)000035718USA01 035 $a0035718 100 $a20010313d1977----km-y0itay0103----ba 101 $aeng 102 $aUS 105 $a||||||||001yy 200 1 $aSelf-organization in nonequilibrium systems$efrom dissipative structures to order through fluctuations$fG. Nicolis and I. Prigogine 210 $aNew York$cJohn Wiley & Sons$dc1977 215 $aXII, 491 p.$cill.$d24 cm 225 2 $aA Wiley- Interscience Publication 410 $12001$aA Wiley- Interscience Publication 461 1$1001-------$12001 676 $a001.53 700 1$aNICOLIS,$bG.$016618 701 1$aPRIGOGINE,$bI.$0543418 801 0$aIT$bsalbc$gISBD 912 $a990000357180203316 951 $a001.53 NIC$b3453$c001.53 NIC$d00104943 959 $aBK 969 $aSCI 979 $aPATTY$b90$c20010313$lUSA01$h1214 979 $c20020403$lUSA01$h1643 979 $aPATRY$b90$c20040406$lUSA01$h1625 996 $aSelf-organization in nonequilibrium systems$9876555 997 $aUNISA